00491nam a2200193Ia 4500008004100000020001800041050001600059100002200075245001900097245003300116245002500149260001200174260001500186260000900201300001500210300002600225300001000251300003600261170918s9999 xx 000 0 und d a9781597074353 bS857gr 2013 aStilton, Geronimo aThea Stilton : bthe secret of whale island / cby Geronimo Stilton. aChina : bPapercutz, c2013 a50 pages : bcolor illustrations ; c23cm. eGeronimo Stilton Graphic Novel.